000 00434cam a2200181ua 4500
001 3918
008 111208n ii |||gr||||Z||||||asm
040 _cMAIN
082 _a891.4511
100 1 _aBora, Anil,
_eAuthor.
245 1 1 _aKabitar charitra
_cby Anil Bora
250 _a1st.
260 _aGuwahati:
_bJyoti Prakashan,
_c2007.
300 _a134p:
_c23cm.
653 _aAssamese poem
653 _aKabitar charitra
942 _cBK
999 _c3740
_d3740